000 00695nam a2200217Ii 4500
003 JO-AjNU
008 230605s9999||||xx |||||||||||||| ||und||
017 _a34725
040 _aJO-AjNU
_bara
_erda
_cJO-AjNU
041 _aara
050 1 4 _aK1005.4.Z8364.19985
100 3 _a كريم، زهير عباس ,
_eauthor
_946874
245 0 0 _aمبادئ القانون التجاري " دراسة مقارنة "
250 _a(د،ط)
264 3 1 _aعمان : دار الثقافة ، 1995
300 _a411ص
336 _atext
_btxt
_2rdacontent
337 _aunmediated
_bn
_2rdamedia
338 _avolume
_bnc
_2rdacarrier
650 4 _aالقانون التجاري -- دراسة
_946875
999 _aA20423
_c23991
_d23991